000 00352nam a2200145Ia 4500
008 191201s2011 xx 000 0 und d
082 _a332
_bSRB
100 _aSRIVASTAVA,P.K
245 0 _aBanking theory and practice
250 _a10th Rep
260 _aN. delhi
_bHimala Publication House
_c2011
300 _a678
650 _aMBA
942 _2ddc
_cBK
999 _c4612
_d4612